Statistics for Biggest cities/towns in Iceland

Click here to take the quiz!

General Stats

  • This quiz has been taken 265 times
    (258 since last reset)
  • The average score is 5 of 15

Answer Stats

PopulationCity/Town Name% Correct
119,108Reykjavik
99%
17,754Akureyri
70%
14,000Keflavík
56%
30,799Kópavogur
41%
26,099Hafnarfjörður
40%
6,512Selfoss
38%
2,600Ísafjörður
38%
6,623Akranes
34%
10,909Garðabær
30%
8,886Mosfellsbær
22%
2,821Grindavík
22%
4,142Vestmannaeyjar
14%
4,400Njarðvík
13%
4,320Seltjarnarnes
10%
2,635Sauðárkrókur
5%

Score Distribution

Percentile by Number Answered

Percent of People with Each Score

Your Score History

You have not taken this quiz since the last reset